[Event "Russian Championship"]
[Site "Taganrog RUS"]
[Date "2011.06.18"]
[Round "4"]
[White "Tomashevsky, Evgeny"]
[Black "Galkin, Alexander"]
[Result "1/2-1/2"]
[WhiteElo "2707"]
[BlackElo "2598"]
[PlyCount "87"]
[EventDate "2011.??.??"]

1. d4 d5 2. c4 e6 3. Nf3 Nf6 4. g3 dxc4 5. Bg2 a6 6. O-O b5 7. Ne5 c6 8. b3
cxb3 9. Nxc6 Qb6 10. Na5 Ra7 11. Nxb3 Rd7 12. Nc3 Bb7 13. Bxb7 Qxb7 14. Bg5 Rc7
15. Qd3 Nbd7 16. Rac1 Bb4 17. Bxf6 Nxf6 18. Ne4 Nxe4 19. Rxc7 Qxc7 20. Qxe4 O-O
21. Rc1 Qa7 22. Qc6 h6 23. e3 Rb8 24. Nc5 Bxc5 25. dxc5 Qa8 26. Qd7 Rc8 27. c6
b4 28. Qb7 Rb8 29. Qe7 Rc8 30. Qb7 Rb8 31. Qd7 Rd8 32. Qe7 Rc8 33. c7 Qb7 34.
Qc5 b3 35. axb3 Qxb3 36. h4 Qb5 37. Qe7 Qb7 38. Qc5 Qb5 39. Qe7 Qb7 40. Qd8+
Kh7 41. h5 a5 42. Qe7 Kg8 43. Kh2 a4 44. Qd8+ 1/2-1/2

[Event "Russian Championship"]
[Site "Taganrog RUS"]
[Date "2011.06.18"]
[Round "4"]
[White "Vitiugov, Nikita"]
[Black "Khalifman, Alexander"]
[Result "1/2-1/2"]
[WhiteElo "2733"]
[BlackElo "2627"]
[PlyCount "82"]
[EventDate "2011.??.??"]

1. d4 Nf6 2. c4 e6 3. Nc3 d5 4. cxd5 Nxd5 5. e4 Nxc3 6. bxc3 c5 7. a3 Be7 8.
Nf3 O-O 9. Bd3 Nc6 10. Bb2 cxd4 11. cxd4 Qa5+ 12. Kf1 b6 13. Qe2 Rd8 14. Kg1
Nb8 15. Ne5 Ba6 16. Rd1 Qa4 17. d5 exd5 18. exd5 Bxd3 19. Rxd3 Bf6 20. h4 Re8
21. Re3 Rc8 22. Rhh3 Qc2 23. Rc3 Qb1+ 24. Kh2 Rxc3 25. Rxc3 Na6 26. Re3 h6 27.
d6 Nc5 28. Qf3 Rf8 29. Bc3 Bxh4 30. Nc6 Qg6 31. Qd5 Kh7 32. Ne7 Qg5 33. Qf3 f5
34. Re5 Qg4 35. Rxf5 Qxf3 36. Rxf3 Rxf3 37. gxf3 Bxf2 38. Nc8 Kg6 39. Nxa7 Kf7
40. Nc6 Ke6 41. Bxg7 Kxd6 1/2-1/2

[Event "Russian Championship"]
[Site "Taganrog RUS"]
[Date "2011.06.19"]
[Round "5"]
[White "Grigoriants, Sergey"]
[Black "Vitiugov, Nikita"]
[Result "0-1"]
[WhiteElo "2562"]
[BlackElo "2733"]
[PlyCount "69"]
[EventDate "2011.??.??"]

1. d4 Nf6 2. c4 e6 3. Nc3 Bb4 4. Qc2 Nc6 5. e3 e5 6. d5 Ne7 7. Nge2 a6 8. g3
O-O 9. Bg2 d6 10. O-O Bc5 11. Rb1 h5 12. h3 Nh7 13. e4 f5 14. b4 Ba7 15. Qd3
fxe4 16. Nxe4 Bf5 17. Be3 Bxe3 18. Qxe3 Qd7 19. Kh2 Rf7 20. N2c3 Bg6 21. Qd2
Raf8 22. Rbe1 h4 23. c5 Qd8 24. a3 Nf5 25. Ne2 Nxg3 26. N4xg3 hxg3+ 27. fxg3
Rxf1 28. Rxf1 Rxf1 29. Bxf1 Qf6 30. Kg1 Qf3 31. cxd6 cxd6 32. Bg2 Qxa3 33. Kh2
Nf6 34. Ng1 Be4 35. Bxe4 0-1

[Event "Russian Championship"]
[Site "Taganrog RUS"]
[Date "2011.06.19"]
[Round "5"]
[White "Jakovenko, Dmitry"]
[Black "Najer, Evgeniy"]
[Result "0-1"]
[WhiteElo "2732"]
[BlackElo "2643"]
[PlyCount "98"]
[EventDate "2011.??.??"]

1. Nf3 d5 2. d4 Nf6 3. c4 c6 4. Nc3 dxc4 5. a4 Bf5 6. Ne5 Nbd7 7. Nxc4 Qc7 8.
g3 e5 9. dxe5 Nxe5 10. Bf4 Nfd7 11. Bg2 g5 12. Ne3 gxf4 13. Nxf5 O-O-O 14. Qc2
Nc5 15. O-O fxg3 16. hxg3 a5 17. Rad1 h5 18. Rxd8+ Qxd8 19. Rd1 Qf6 20. e3 Kb8
21. Ne2 Ne6 22. Ned4 Bb4 23. Nh4 Nc5 24. Ne2 Qe6 25. Rd4 Qb3 26. Qf5 Re8 27.
Nf4 Qxa4 28. Nxh5 Qa1+ 29. Bf1 Qxb2 30. Ng7 Re7 31. Qf6 Ka7 32. Kg2 Ned3 33.
Bxd3 Nxd3 34. Qf5 Rxe3 35. Rxb4 Nxb4 36. Qc5+ Ka6 37. Qxe3 Qxg7 38. Qe2+ Kb6
39. Qe3+ c5 40. Nf3 Qf6 41. Ne5 Qe6 42. Qf4 a4 43. Nc4+ Ka6 44. Na3 Qd5+ 45.
Kh2 Qd3 46. Nc4 a3 47. Qf6+ Nc6 48. Qxf7 a2 49. Ne5 Qe2 0-1

[Event "Russian Championship"]
[Site "Taganrog RUS"]
[Date "2011.06.19"]
[Round "5"]
[White "Kurnosov, Igor"]
[Black "Tomashevsky, Evgeny"]
[Result "1/2-1/2"]
[WhiteElo "2633"]
[BlackElo "2707"]
[PlyCount "127"]
[EventDate "2011.??.??"]

1. d4 Nf6 2. c4 e6 3. Nc3 Bb4 4. Bg5 h6 5. Bh4 c5 6. d5 Bxc3+ 7. bxc3 d6 8. e3
Qe7 9. Nf3 Nbd7 10. Nd2 b6 11. Be2 Bb7 12. O-O O-O 13. e4 e5 14. a4 Rfe8 15. a5
bxa5 16. Rxa5 Nf8 17. Qa1 a6 18. Rb1 Reb8 19. f3 Bc8 20. Ra2 Ng6 21. Bf2 Nf4
22. Bf1 Rxb1 23. Qxb1 Qc7 24. Rb2 a5 25. Qa1 g5 26. Nb1 Qd8 27. Be3 Kh7 28. Na3
Ng6 29. Qb1 g4 30. fxg4 Nxg4 31. Bc1 Qe7 32. Qd3 Bd7 33. h3 Nf6 34. Qe3 Ng8 35.
Rb7 Rd8 36. Nb5 Kg7 37. Ra7 Nf4 38. Qg3+ Ng6 39. Rxa5 f5 40. exf5 Bxf5 41. h4
Kh8 42. Ra7 Rd7 43. Rxd7 Qxd7 44. h5 N6e7 45. Be2 Nc8 46. Be3 Qg7 47. Qf3 Bd7
48. Nc7 Qe7 49. Qe4 Qh7 50. Qxh7+ Kxh7 51. g4 Kg7 52. g5 hxg5 53. Bxg5 Bf5 54.
Kg2 Nf6 55. Ne6+ Kf7 56. Nd8+ Kg7 57. Ne6+ Kf7 58. h6 Kg6 59. Bxf6 Kxf6 60. Bh5
Nb6 61. Ng7 Be4+ 62. Bf3 Bg6 63. Bh5 Be4+ 64. Bf3 1/2-1/2

[Event "Russian Championship"]
[Site "Taganrog RUS"]
[Date "2011.06.19"]
[Round "5"]
[White "Morozevich, Alexander"]
[Black "Lysyj, Igor"]
[Result "1/2-1/2"]
[WhiteElo "2694"]
[BlackElo "2629"]
[PlyCount "88"]
[EventDate "2011.??.??"]

1. d4 Nf6 2. c4 e6 3. Nc3 Bb4 4. Qc2 d5 5. cxd5 Qxd5 6. Nf3 Qf5 7. Qb3 Nc6 8.
Bd2 O-O 9. h3 a5 10. g4 Qg6 11. a3 a4 12. Qd1 Bxc3 13. Bxc3 Nd5 14. Qd2 b6 15.
Rg1 Ba6 16. Rc1 Rfd8 17. Rg3 Rac8 18. h4 e5 19. h5 Qe4 20. dxe5 Nxc3 21. Qxc3
Nd4 22. e6 Nxe6 23. h6 Rd5 24. Qb4 Nd4 25. Nxd4 Rxd4 26. Qc3 gxh6 27. Re3 Qd5
28. Bg2 Qd6 29. Re4 c5 30. Rxd4 cxd4 31. Qxc8+ Bxc8 32. Rxc8+ Kg7 33. Bf3 d3
34. Rc4 dxe2 35. Bxe2 Qe5 36. Rb4 Qc5 37. Kf1 Qd5 38. Kg1 Qc5 39. Kg2 Qe5 40.
Bf3 Qf6 41. Rxa4 Qxb2 42. Rb4 Qf6 43. a4 Qd6 44. Rb5 Qd4 1/2-1/2

[Event "Russian Championship"]
[Site "Taganrog RUS"]
[Date "2011.06.20"]
[Round "6"]
[White "Papin, Vasily"]
[Black "Jakovenko, Dmitry"]
[Result "0-1"]
[WhiteElo "2565"]
[BlackElo "2732"]
[PlyCount "60"]
[EventDate "2011.??.??"]

1. d4 Nf6 2. c4 g6 3. g3 c5 4. d5 b5 5. cxb5 a6 6. bxa6 Bg7 7. Nc3 O-O 8. Bg2
d6 9. Nf3 Nbd7 10. O-O Nb6 11. Nh4 Bxa6 12. Qc2 Nfd7 13. Rd1 Qc7 14. Rb1 Nc4
15. b3 Qa5 16. Ne4 Na3 17. Bxa3 Qxa3 18. e3 Rfb8 19. Rd2 Rb4 20. Bf1 Bb7 21.
Nc3 Nb6 22. Rbd1 c4 23. Nb1 cxb3 24. Qc7 Qa7 25. a3 Re4 26. Bg2 Rxh4 27. gxh4
Kf8 28. Bh3 f5 29. Nc3 Rc8 30. Nb5 Qa6 0-1

[Event "Russian Championship"]
[Site "Taganrog RUS"]
[Date "2011.06.20"]
[Round "6"]
[White "Tomashevsky, Evgeny"]
[Black "Matlakov, Maxim"]
[Result "1/2-1/2"]
[WhiteElo "2707"]
[BlackElo "2632"]
[PlyCount "89"]
[EventDate "2011.??.??"]

1. d4 Nf6 2. c4 e6 3. g3 d5 4. Bg2 Bb4+ 5. Bd2 Be7 6. Nf3 c6 7. Qc2 O-O 8. O-O
b6 9. Rd1 Nbd7 10. Bf4 Bb7 11. Ne5 Nh5 12. Bd2 Nhf6 13. cxd5 cxd5 14. Nc6 Bxc6
15. Qxc6 Rc8 16. Qb5 Ne8 17. Qd3 Nd6 18. Nc3 g6 19. b3 Nb8 20. Bc1 Nc6 21. Bb2
Nf5 22. e3 Qd7 23. Rac1 Rfd8 24. Qd2 Nd6 25. Qe2 Bf6 26. Bf1 Bg7 27. Ba3 Bf8
28. Bb2 Bg7 29. Qe1 Qb7 30. Ba3 Bf8 31. Bd3 Ne4 32. Bxf8 Nxc3 33. Rxc3 Kxf8 34.
Rdc1 Ne7 35. Qe2 a5 36. h4 h5 37. Kg2 Qd7 38. Ba6 Rxc3 39. Rxc3 Qa7 40. Bd3 Qb8
41. Qc2 Rc8 42. Rxc8+ Qxc8 43. Qxc8+ Nxc8 44. f3 Kg7 45. Kf2 1/2-1/2

[Event "Russian Championship"]
[Site "Taganrog RUS"]
[Date "2011.06.20"]
[Round "6"]
[White "Vitiugov, Nikita"]
[Black "Zvjaginsev, Vadim"]
[Result "1/2-1/2"]
[WhiteElo "2733"]
[BlackElo "2659"]
[PlyCount "67"]
[EventDate "2011.??.??"]

1. d4 d5 2. c4 e6 3. Nc3 Be7 4. cxd5 exd5 5. Bf4 Nf6 6. e3 O-O 7. Bd3 c5 8. Nf3
Nc6 9. O-O h6 10. Rc1 Bg4 11. dxc5 d4 12. Ne4 dxe3 13. fxe3 Nd5 14. Bc4 Nxf4
15. exf4 Qc7 16. Qd2 Rad8 17. Qe3 b6 18. cxb6 Qxb6 19. Qxb6 axb6 20. Be2 Nb4
21. a3 Nd5 22. Nd4 Bxe2 23. Nxe2 f5 24. N4c3 Bf6 25. Nxd5 Rxd5 26. Rc2 Rfd8 27.
Rfc1 Rd2 28. Nc3 Bxc3 29. bxc3 Rxc2 30. Rxc2 Ra8 31. Ra2 Rc8 32. Rc2 Ra8 33.
Ra2 Rc8 34. Rc2 1/2-1/2

[Event "Russian Championship"]
[Site "Taganrog RUS"]
[Date "2011.06.22"]
[Round "7"]
[White "Jakovenko, Dmitry"]
[Black "Ponkratov, Pavel"]
[Result "1-0"]
[WhiteElo "2732"]
[BlackElo "2582"]
[PlyCount "71"]
[EventDate "2011.??.??"]

1. e4 e6 2. d4 d5 3. e5 c5 4. c3 Nc6 5. Nf3 Bd7 6. Be2 Nge7 7. Na3 cxd4 8. cxd4
Nf5 9. Nc2 Nb4 10. Nxb4 Bxb4+ 11. Kf1 Be7 12. g3 Qb6 13. Kg2 h5 14. h3 Bb5 15.
Re1 Rc8 16. Bf4 Kd7 17. Bd3 Bxd3 18. Qxd3 Rc4 19. b3 Rc6 20. Rac1 Rxc1 21. Rxc1
g6 22. Bg5 Bxg5 23. Nxg5 Rf8 24. Rc5 a6 25. Qc3 Ne7 26. b4 Nc6 27. a4 Rc8 28.
b5 axb5 29. axb5 Ne7 30. Rxc8 Nxc8 31. Qf3 Qd8 32. Qxf7+ Qe7 33. Qxg6 Na7 34.
b6 Nc8 35. Qxh5 Nxb6 36. Qg6 1-0

[Event "Russian Championship"]
[Site "Taganrog RUS"]
[Date "2011.06.22"]
[Round "7"]
[White "Kurnosov, Igor"]
[Black "Vitiugov, Nikita"]
[Result "1/2-1/2"]
[WhiteElo "2633"]
[BlackElo "2733"]
[PlyCount "60"]
[EventDate "2011.??.??"]

1. e4 e6 2. d4 d5 3. Nc3 Nf6 4. e5 Nfd7 5. f4 c5 6. Nf3 Nc6 7. Be3 Be7 8. Qd2
O-O 9. dxc5 Bxc5 10. O-O-O Qa5 11. Bxc5 Nxc5 12. h4 Bd7 13. Rh3 Rac8 14. Kb1
Rfd8 15. h5 h6 16. g4 Be8 17. Nd4 Nxd4 18. Qxd4 Ne4 19. Be2 Nxc3+ 20. Rxc3 Rxc3
21. Qxc3 Qxc3 22. bxc3 Rc8 23. Kb2 Kf8 24. g5 Rc5 25. Bd3 Bb5 26. Rg1 Bc4 27.
Rd1 Rb5+ 28. Kc1 Rc5 29. Kb2 Rb5+ 30. Kc1 Rc5 1/2-1/2

[Event "Russian Championship"]
[Site "Taganrog RUS"]
[Date "2011.06.22"]
[Round "7"]
[White "Morozevich, Alexander"]
[Black "Khismatullin, Denis"]
[Result "1-0"]
[WhiteElo "2694"]
[BlackElo "2656"]
[PlyCount "69"]
[EventDate "2011.??.??"]

1. d4 Nf6 2. c4 e6 3. Nc3 Bb4 4. Qc2 Nc6 5. Nf3 d6 6. Bd2 Qe7 7. a3 Bxc3 8.
Bxc3 e5 9. d5 Nb8 10. e3 O-O 11. Nd2 c6 12. dxc6 Nxc6 13. Bd3 b6 14. Ne4 h6 15.
Nxf6+ Qxf6 16. O-O Bb7 17. f4 Qe7 18. b4 Rac8 19. Rad1 Nb8 20. fxe5 dxe5 21.
Qf2 Nd7 22. Qf5 g6 23. Qh3 h5 24. Qg3 Rcd8 25. Bc2 Kh7 26. Rd2 h4 27. Qh3 Bc8
28. g3 Kg7 29. Qxh4 Qxh4 30. gxh4 Rde8 31. h5 g5 32. Bf5 Nf6 33. Bxc8 Ne4 34.
Bf5 Nxc3 35. Rc2 1-0

[Event "Russian Championship"]
[Site "Taganrog RUS"]
[Date "2011.06.22"]
[Round "7"]
[White "Volkov, Sergey"]
[Black "Tomashevsky, Evgeny"]
[Result "1/2-1/2"]
[WhiteElo "2615"]
[BlackElo "2707"]
[PlyCount "39"]
[EventDate "2011.??.??"]

1. d4 Nf6 2. c4 e6 3. g3 Bb4+ 4. Nd2 c5 5. a3 Bxd2+ 6. Qxd2 cxd4 7. Nf3 b6 8.
Bg2 Bb7 9. O-O Bxf3 10. exf3 Nc6 11. f4 O-O 12. b4 Rc8 13. Bb2 d6 14. Bxd4 Nxd4
15. Qxd4 Qc7 16. Rfc1 Rfd8 17. Qe3 Qd7 18. Qd4 Qc7 19. Qe3 Qd7 20. Qd4 1/2-1/2

[Event "Russian Championship"]
[Site "Taganrog RUS"]
[Date "2011.06.23"]
[Round "8"]
[White "Jakovenko, Dmitry"]
[Black "Volkov, Sergey"]
[Result "1/2-1/2"]
[WhiteElo "2732"]
[BlackElo "2615"]
[PlyCount "89"]
[EventDate "2011.??.??"]

1. d4 d5 2. c4 c6 3. Nf3 Nf6 4. Qb3 dxc4 5. Qxc4 Bf5 6. g3 e6 7. Bg2 Nbd7 8.
O-O Be7 9. e3 O-O 10. Rd1 e5 11. Nc3 Qc7 12. h3 Rad8 13. Qe2 Ne4 14. Nxe4 Bxe4
15. Nxe5 Bxg2 16. Nxd7 Rxd7 17. Kxg2 c5 18. b3 cxd4 19. Rxd4 Bf6 20. Rxd7 Qxd7
21. Bb2 Bxb2 22. Qxb2 Qd5+ 23. Kh2 Rd8 24. Rc1 h5 25. Qe2 b5 26. h4 a5 27. Rc7
g6 28. Ra7 b4 29. Rc7 Qd6 30. Rc2 Qd5 31. e4 Qe5 32. Qf3 Rd4 33. Re2 Rd1 34.
Kg2 Kg7 35. Qe3 Kg8 36. Qg5 Qd4 37. Qb5 Rc1 38. Qd5 Qxd5 39. exd5 Rd1 40. Re5
f6 41. Re7 Rxd5 42. Ra7 g5 43. hxg5 fxg5 44. Kf3 Re5 45. Kg2 1/2-1/2

[Event "Russian Championship"]
[Site "Taganrog RUS"]
[Date "2011.06.23"]
[Round "8"]
[White "Timofeev, Artyom"]
[Black "Morozevich, Alexander"]
[Result "0-1"]
[WhiteElo "2665"]
[BlackElo "2694"]
[PlyCount "96"]
[EventDate "2011.??.??"]

1. e4 e6 2. d4 d5 3. Nd2 c5 4. exd5 Qxd5 5. dxc5 Qxc5 6. Ne4 Qb4+ 7. Nc3 Nf6 8.
Bd3 Nbd7 9. a3 Qd6 10. Nf3 Nc5 11. Bb5+ Bd7 12. Qe2 a6 13. Bc4 Qc7 14. O-O Bd6
15. b4 Rc8 16. Bb2 Na4 17. Bxe6 Nxc3 18. Bxd7+ Kxd7 19. Qd3 Rhe8 20. Ng5 Qc4
21. Qf5+ Kc7 22. Bxc3 Qxc3 23. Nxf7 Qc4 24. Nxd6 Kxd6 25. Qg5 Qg4 26. Qa5 Ke7
27. Rad1 Kf7 28. Qb6 Re7 29. b5 axb5 30. Qxb5 Qc4 31. Qb3 Qxb3 32. cxb3 Rc3 33.
Rb1 b5 34. a4 b4 35. Rb2 Ne4 36. Rd1 Rec7 37. Kf1 Rc1 38. Ke1 Rxd1+ 39. Kxd1
Rc3 40. a5 Rc5 41. Ke2 Ke6 42. Ke3 Nc3 43. Kd4 Rxa5 44. Kc4 Nd5 45. Re2+ Kd6
46. Re8 Rc5+ 47. Kd4 Rc2 48. Rd8+ Ke6 0-1

[Event "Russian Championship"]
[Site "Taganrog RUS"]
[Date "2011.06.23"]
[Round "8"]
[White "Tomashevsky, Evgeny"]
[Black "Zvjaginsev, Vadim"]
[Result "1/2-1/2"]
[WhiteElo "2707"]
[BlackElo "2659"]
[PlyCount "81"]
[EventDate "2011.??.??"]

1. d4 d5 2. c4 e6 3. Nf3 Nf6 4. g3 Be7 5. Bg2 O-O 6. O-O c5 7. dxc5 Bxc5 8.
cxd5 exd5 9. Qc2 Bb6 10. Nc3 h6 11. Na4 Nc6 12. Qd3 Re8 13. Nxb6 axb6 14. Be3
Ra4 15. Bd4 Bg4 16. b3 Bxf3 17. Bxf6 Qxf6 18. Qxf3 Qxf3 19. Bxf3 Ra3 20. e3 Rd8
21. Rfd1 d4 22. Bxc6 bxc6 23. Rxd4 Rda8 24. Rc1 c5 25. Rd6 R8a6 26. Rc4 Rxa2
27. Rf4 f6 28. b4 Rb2 29. bxc5 Ra1+ 30. Kg2 bxc5 31. Rd8+ Kf7 32. Rd7+ Kf8 33.
Rc7 Ra3 34. e4 Ra4 35. g4 Re2 36. Kf3 Raa2 37. Kg3 Ra4 38. Kf3 Raa2 39. Kg3 Ra4
40. Kf3 Raa2 41. Kg3 1/2-1/2

[Event "Russian Championship"]
[Site "Taganrog RUS"]
[Date "2011.06.23"]
[Round "8"]
[White "Vitiugov, Nikita"]
[Black "Savchenko, Boris"]
[Result "1/2-1/2"]
[WhiteElo "2733"]
[BlackElo "2630"]
[PlyCount "62"]
[EventDate "2011.??.??"]

1. d4 d5 2. c4 e6 3. Nc3 c5 4. cxd5 exd5 5. Nf3 Nc6 6. g3 Nf6 7. Bg2 Be7 8. O-O
O-O 9. dxc5 Bxc5 10. a3 Bg4 11. b4 Bb6 12. Bg5 d4 13. Ne4 Re8 14. Qd3 Ne5 15.
Nxe5 Rxe5 16. Bxf6 gxf6 17. h3 Bf5 18. g4 Bg6 19. f4 Bxe4 20. Bxe4 Re7 21. Kg2
Qd7 22. Bxh7+ Kg7 23. Be4 Rae8 24. Bf3 Re3 25. Qf5 Rxe2+ 26. Bxe2 Rxe2+ 27. Kg3
Re3+ 28. Kh2 Re2+ 29. Kg3 Re3+ 30. Kh2 Re2+ 31. Kg3 Re3+ 1/2-1/2

[Event "Russian Championship"]
[Site "Taganrog RUS"]
[Date "2011.06.24"]
[Round "9"]
[White "Galkin, Alexander"]
[Black "Vitiugov, Nikita"]
[Result "1/2-1/2"]
[WhiteElo "2598"]
[BlackElo "2733"]
[PlyCount "83"]
[EventDate "2011.??.??"]

1. Nf3 d5 2. d4 Nf6 3. c4 e6 4. g3 Bb4+ 5. Bd2 Be7 6. Bg2 c6 7. Qc2 b6 8. Bf4
O-O 9. O-O Ba6 10. Nbd2 Nbd7 11. Rfc1 Rc8 12. Qa4 Bxc4 13. Nxc4 b5 14. Qxa7
bxc4 15. b3 cxb3 16. axb3 c5 17. Qb7 cxd4 18. Bc7 Qe8 19. b4 Ne4 20. Nxd4 Nd6
21. Bxd6 Bxd6 22. Rxc8 Qxc8 23. Qxc8 Rxc8 24. b5 Be5 25. Ra7 Bxd4 26. Rxd7 g6
27. e3 Rc1+ 28. Bf1 Bc5 29. Kg2 Kg7 30. Be2 Rb1 31. Rc7 Bb4 32. Rd7 Be1 33. h4
h5 34. Kf1 Bc3+ 35. Kg2 Re1 36. Bf1 Rb1 37. Bd3 Rb3 38. Kf1 Rb4 39. Rc7 Bf6 40.
Rd7 Rb3 41. Be2 Rb1+ 42. Kg2 1/2-1/2

[Event "Russian Championship"]
[Site "Taganrog RUS"]
[Date "2011.06.24"]
[Round "9"]
[White "Grachev, Boris"]
[Black "Tomashevsky, Evgeny"]
[Result "1/2-1/2"]
[WhiteElo "2669"]
[BlackElo "2707"]
[PlyCount "41"]
[EventDate "2011.??.??"]

1. Nf3 d5 2. e3 Nf6 3. c4 e6 4. b3 Be7 5. Bb2 O-O 6. Be2 c5 7. O-O Nc6 8. cxd5
Nxd5 9. Nc3 Nxc3 10. Bxc3 b6 11. Rc1 Bb7 12. Qc2 Bf6 13. Rfd1 Bxc3 14. dxc3 Qe7
15. Bd3 h6 16. Bh7+ Kh8 17. Be4 Rad8 18. h3 Kg8 19. Bh7+ Kh8 20. Be4 Kg8 21.
Bh7+ 1/2-1/2

[Event "Russian Championship"]
[Site "Taganrog RUS"]
[Date "2011.06.24"]
[Round "9"]
[White "Matlakov, Maxim"]
[Black "Jakovenko, Dmitry"]
[Result "1-0"]
[WhiteElo "2632"]
[BlackElo "2732"]
[PlyCount "81"]
[EventDate "2011.??.??"]

1. d4 d5 2. c4 c6 3. Nf3 Nf6 4. Qb3 dxc4 5. Qxc4 Bf5 6. g3 e6 7. Bg2 Nbd7 8.
O-O Be7 9. e3 O-O 10. Rd1 Qc7 11. Nc3 Nd5 12. Ne1 N7b6 13. Qb3 Nxc3 14. Qxc3
Nd5 15. Qb3 Nf6 16. f3 e5 17. dxe5 Qxe5 18. e4 Be6 19. Qxb7 Bc4 20. Bf4 Qc5+
21. Kh1 Nh5 22. Be3 Qxe3 23. Qxe7 Rae8 24. Qa3 Qf2 25. Nd3 Bxd3 26. Rxd3 Re6
27. f4 Nf6 28. Rf1 Qc2 29. e5 Ng4 30. Kg1 Rh6 31. h4 Re6 32. Qc3 Qe2 33. Qd2
Qxd2 34. Rxd2 h5 35. Rc1 Rc8 36. Rd7 Ne3 37. Be4 g6 38. Rc3 Nf5 39. Kf2 a5 40.
b3 Kg7 41. Rc5 1-0

[Event "Russian Championship"]
[Site "Taganrog RUS"]
[Date "2011.06.24"]
[Round "9"]
[White "Morozevich, Alexander"]
[Black "Sjugirov, Sanan"]
[Result "1-0"]
[WhiteElo "2694"]
[BlackElo "2629"]
[PlyCount "155"]
[EventDate "2011.??.??"]

1. d4 Nf6 2. c4 e6 3. Nc3 Bb4 4. Qc2 O-O 5. Nf3 c5 6. dxc5 Na6 7. c6 bxc6 8. g3
d5 9. a3 Bxc3+ 10. Qxc3 Nc5 11. cxd5 Nfe4 12. Qc2 cxd5 13. Be3 Nd7 14. Bg2 Ba6
15. O-O Rc8 16. Qd1 Qc7 17. Re1 Qb8 18. Nd2 Nd6 19. Qa4 Bb5 20. Qb4 Nf5 21. Bf4
e5 22. Bh3 a5 23. Qxa5 Ne7 24. a4 Bc6 25. b4 exf4 26. b5 fxg3 27. hxg3 Qd6 28.
bxc6 Nxc6 29. Qc3 f5 30. Nf3 Nce5 31. Qa3 Qh6 32. Kg2 Rcd8 33. Qa2 Qd6 34. Red1
Nc5 35. Qa3 Nc4 36. Qb4 f4 37. Rac1 Qe7 38. Rxc4 dxc4 39. Rxd8 Rxd8 40. gxf4
Qd6 41. Ne5 g5 42. f3 Qd5 43. Ng4 Kh8 44. Ne3 Qd4 45. Nf5 Qd2 46. Qxc5 Qxe2+
47. Kg3 gxf4+ 48. Kh4 Qe1+ 49. Kh5 Qe2 50. Bg4 Qh2+ 51. Nh4 Qe2 52. Nf5 Qh2+
53. Kg5 Rg8+ 54. Kf6 Qb2+ 55. Ke6 Re8+ 56. Kf7 Qe5 57. Qxc4 Ra8 58. Qd4 Qxd4
59. Nxd4 Rxa4 60. Ne6 Rb4 61. Kf6 Kg8 62. Bf5 Rb6 63. Kg5 Kf7 64. Nxf4 h6+ 65.
Kg4 Rb4 66. Be4 Rb5 67. Nd5 Ra5 68. f4 Kg7 69. f5 Kf7 70. Kf4 Ra8 71. Bf3 Ra1
72. Bh5+ Kg7 73. f6+ Kf8 74. Nc7 Rf1+ 75. Ke5 Re1+ 76. Kd6 Rf1 77. Ne6+ Kg8 78.
Ke7 1-0

[Event "Russian Championship"]
[Site "Taganrog RUS"]
[Date "2011.06.25"]
[Round "10"]
[White "Kryakvin, Dmitry"]
[Black "Jakovenko, Dmitry"]
[Result "1/2-1/2"]
[WhiteElo "2551"]
[BlackElo "2732"]
[PlyCount "114"]
[EventDate "2011.??.??"]

1. d4 Nf6 2. c4 e6 3. Nf3 b6 4. g3 Ba6 5. b3 Bb4+ 6. Bd2 Be7 7. Bg2 d5 8. cxd5
exd5 9. Nc3 O-O 10. O-O Bb7 11. Bf4 Na6 12. Qc2 Qc8 13. Rfd1 Rd8 14. Qb2 h6 15.
Rac1 Qe6 16. b4 g5 17. Be5 Bxb4 18. Bxc7 Rdc8 19. Be5 Ne8 20. g4 Qxg4 21. Bg3
Qe6 22. Nb5 Nf6 23. Rxc8+ Rxc8 24. Nxa7 Re8 25. Ne5 Ne4 26. Nb5 h5 27. Bxe4
dxe4 28. d5 Qf6 29. Rd4 Rd8 30. Nc6 Rxd5 31. Nxb4 Rxb5 32. a4 Rc5 33. Nxa6 Bxa6
34. Rd2 Qxb2 35. Rxb2 h4 36. Bd6 Rc6 37. Ba3 h3 38. Rd2 Rc4 39. Bb2 Rxa4 40.
Rd4 Rxd4 41. Bxd4 b5 42. Bc5 Kg7 43. Kf1 f5 44. Ke1 Kf6 45. e3 f4 46. Kd2 Ke6
47. Kc3 Bc8 48. Kd4 Bb7 49. Bb4 Bc6 50. Ba5 Kf5 51. Bd8 g4 52. exf4 b4 53. Bh4
Bb5 54. Ke3 Bd3 55. Kd2 Kxf4 56. Bg3+ Kf3 57. Kc1 b3 1/2-1/2

[Event "Russian Championship"]
[Site "Taganrog RUS"]
[Date "2011.06.25"]
[Round "10"]
[White "Rublevsky, Sergei"]
[Black "Morozevich, Alexander"]
[Result "1/2-1/2"]
[WhiteElo "2682"]
[BlackElo "2694"]
[PlyCount "132"]
[EventDate "2011.??.??"]

1. e4 e6 2. d4 d5 3. Nd2 c5 4. Ngf3 cxd4 5. exd5 Qxd5 6. Bc4 Qd6 7. O-O Nf6 8.
Nb3 Nc6 9. Nbxd4 Nxd4 10. Nxd4 a6 11. Bb3 Qc7 12. Bg5 Bd7 13. Qf3 Bd6 14. h3
Bh2+ 15. Kh1 Be5 16. Rad1 h6 17. Bh4 O-O-O 18. Rfe1 Bxd4 19. Rxd4 Bc6 20. Rxd8+
Rxd8 21. Qc3 Qf4 22. Bg3 Qf5 23. f3 Qg5 24. Qe5 Qxe5 25. Bxe5 Nh5 26. Kg1 g5
27. a4 Kd7 28. Rd1+ Ke8 29. Rxd8+ Kxd8 30. Kf2 Ke7 31. g3 f6 32. Bc3 Ng7 33.
Bb4+ Kd7 34. c3 h5 35. f4 gxf4 36. gxf4 Nf5 37. a5 h4 38. Bd1 Nd6 39. b3 Ne4+
40. Ke3 Ng3 41. Kf2 Ne4+ 42. Kg1 f5 43. c4 e5 44. fxe5 Ng5 45. Kh2 Nf3+ 46.
Bxf3 Bxf3 47. Be1 Ke6 48. Bxh4 Kxe5 49. Kg3 Bd1 50. b4 Be2 51. c5 f4+ 52. Kf2
Bb5 53. Bd8 Kf5 54. Bc7 Kg5 55. Be5 Bc6 56. Kg1 Kf5 57. Bc3 Kg5 58. Be1 Bd5 59.
Bf2 Bc6 60. Kf1 Bd7 61. h4+ Kg4 62. Ke2 Bb5+ 63. Kd2 Bc6 64. Be1 Bb5 65. Bf2
Bc6 66. Be1 Bb5 1/2-1/2

[Event "Russian Championship"]
[Site "Taganrog RUS"]
[Date "2011.06.25"]
[Round "10"]
[White "Tomashevsky, Evgeny"]
[Black "Landa, Konstantin"]
[Result "1-0"]
[WhiteElo "2707"]
[BlackElo "2613"]
[PlyCount "151"]
[EventDate "2011.??.??"]

1. c4 e5 2. Nc3 Bb4 3. Nd5 Bc5 4. Nf3 c6 5. Nc3 d6 6. e3 Qe7 7. d4 exd4 8. Nxd4
Nf6 9. Be2 O-O 10. O-O Rd8 11. b3 Bb4 12. Qc2 c5 13. Nf3 Bxc3 14. Qxc3 Ne4 15.
Qb2 Bg4 16. Nd4 Bxe2 17. Nxe2 Nf6 18. Ng3 d5 19. cxd5 Rxd5 20. e4 Rd3 21. Qe2
Rd8 22. Bg5 h6 23. Nf5 Qe6 24. Bh4 Nc6 25. f3 b6 26. Rad1 Ne7 27. Ne3 Nc6 28.
Nf5 Ne7 29. Ne3 Nc6 30. Ng4 Rxd1 31. Nxf6+ gxf6 32. Qxd1 Rd8 33. Qe1 Kh7 34.
Kh1 Ne5 35. h3 Ng6 36. Bg3 f5 37. exf5 Qxf5 38. Qe2 Qd3 39. Re1 Qxe2 40. Rxe2
Kg7 41. Kg1 f5 42. Be1 Kf7 43. g3 Rd3 44. Bd2 f4 45. Kg2 h5 46. h4 fxg3 47. Bg5
Rd7 48. Kxg3 Ne7 49. Re5 Nc6 50. Rf5+ Kg7 51. Bf4 Nd4 52. Rg5+ Kf6 53. Be5+ Ke6
54. Rxh5 Rd5 55. f4 Nf5+ 56. Kg4 Rd1 57. Rg5 Rg1+ 58. Kh5 Rh1 59. Rg4 Rh2 60.
Kg5 Rxa2 61. Rg1 Re2 62. h5 b5 63. h6 Nxh6 64. Kxh6 Rxe5 65. Rg6+ Kf5 66. fxe5
Kxe5 67. Kg5 b4 68. Rc6 Kd4 69. Kf4 a5 70. Kf3 Kc3 71. Rxc5+ Kxb3 72. Rxa5 Kc2
73. Ke2 b3 74. Rc5+ Kb1 75. Kd2 b2 76. Rb5 1-0

[Event "Russian Championship"]
[Site "Taganrog RUS"]
[Date "2011.06.25"]
[Round "10"]
[White "Vitiugov, Nikita"]
[Black "Alekseev, Evgeny"]
[Result "1/2-1/2"]
[WhiteElo "2733"]
[BlackElo "2673"]
[PlyCount "85"]
[EventDate "2011.??.??"]

1. d4 Nf6 2. c4 e6 3. Nc3 Bb4 4. Qc2 O-O 5. a3 Bxc3+ 6. Qxc3 d6 7. f3 d5 8. Bg5
Nbd7 9. cxd5 exd5 10. e3 Re8 11. Bd3 h6 12. Bf4 c6 13. g4 Nf8 14. h4 Ne6 15.
Bg3 c5 16. Ne2 Bd7 17. Kf2 Rc8 18. Qd2 Qb6 19. Be5 Nxd4 20. exd4 c4 21. Qb4
Qxb4 22. axb4 cxd3 23. Nc3 Rc4 24. Kg3 Be6 25. b5 Nd7 26. Rxa7 Nxe5 27. dxe5
Rb4 28. Rxb7 d4 29. Ne4 Bd5 30. Rd7 Bxe4 31. fxe4 Rxe5 32. Rd1 Rxe4 33. Rxd3
Rxb5 34. R7xd4 Rxd4 35. Rxd4 Rb3+ 36. Kf4 Rxb2 37. Rd8+ Kh7 38. h5 Rb4+ 39. Kg3
Rb5 40. Rf8 Rb7 41. Kf4 g6 42. hxg6+ Kxg6 43. Ke4 1/2-1/2